Controlled nuclear conflict and civil preparedness : an introductory overview /

Bibliographic Details
Main Author: Eley, John W.
Corporate Author: United States. Federal Preparedness Agency
Format: Microform Book
Language:English
Published: Washington : General Services Administration, Federal Preparedness Agency, [1975]
Series:Special studies series. Nuclear weapons, arms control, and the threat of thermonuclear war. 1969-1981.
Subjects:

MARC

Tag First Indicator Second Indicator Subfields
LEADER 00000cam a2200000 a 4500
001 in00001147331
005 20151001050753.0
007 hd afb|||buca
008 931005s1975 dcu a f000 0 eng d
035 |a (OCoLC)28943049 
035 |9 AGB8088AM 
040 |a TXA  |c TXA  |d UtOrBLW 
043 |a n-us--- 
049 |a TXAI 
099 |a film  |a B  |a 3795  |a reel 6  |a frame 554 
100 1 |a Eley, John W. 
245 1 0 |a Controlled nuclear conflict and civil preparedness :  |b an introductory overview /  |c John W. Eley. 
264 1 |a Washington :  |b General Services Administration, Federal Preparedness Agency,  |c [1975] 
300 |a 26 leaves. 
336 |a text  |b txt  |2 rdacontent 
337 |a microform  |b h  |2 rdamedia 
338 |a microfilm reel  |b hd  |2 rdacarrier 
500 |a "October 1975." 
500 |a AD-A 020452. 
500 |a "Library copy identical to one formerly in the Hazard Reduction and Recovery Center (HRRC) Library." 
533 |a Microfilm.  |b Frederick, Md. :  |c University Publications of America,  |d 1982.  |e On reel 6 of 17 microfilm reels ; 35 mm.  |f (Special studies series. Nuclear weapons, arms control, and the threat of thermonuclear war. 1969-1981). 
539 |a s  |b 1982  |d mdu  |e n  |g a 
500 |a Microform. 
650 0 |a Civil defense  |z United States. 
650 0 |a Nuclear warfare  |x Safety measures. 
710 1 |a United States.  |b Federal Preparedness Agency. 
830 0 |a Special studies series.  |p Nuclear weapons, arms control, and the threat of thermonuclear war.  |p 1969-1981. 
999 |a MARS 
999 f f |s bc7d4c0b-8998-3583-86a8-c51028a954d5  |i 6040a868-37aa-3cb2-a871-65880932cef8  |t 0 
952 f f |p default  |a Texas A&M University  |b College Station  |c Sterling C. Evans Library  |d Evans: Microforms (3rd floor)  |t 0  |e film B 3795 reel 6 frame 554  |h Other scheme  |i microform -- microfilm reel 
998 f f |a film B 3795 reel 6 frame 554  |t 0  |l Evans: Microforms (3rd floor)